000 00321nam a22001457a 4500
020 _a978-81-264-1760-S
082 _a894.812.3
_bMAD/E
100 _aMADHAVIKUTTY
245 _aEE JEEVITHAM KONDU ETHRA MATHRAM
260 _aKOTTAYAM
_bDC BOOKS
_c2009
300 _a75
520 _aNOVEL
650 _aNOVEL
942 _cBK
999 _c4979
_d4979